000 00685nam a2200229 i 4500
001 C2-0282144
003 PPAK
005 20180728012555.0
008 071001s2002 th |||| ||||| | may d
040 _aPPAK
_beng
_cPPAK
_erda
082 0 4 _a808.88
_223
090 0 0 _a808.88
_bZUL
_dKSS
100 0 _aZulkarnain Mohamed,
_eauthor
245 1 0 _aMenuju kearah mengindustrikan sastera melayu dalam acuan ketimuran dan keislaman
264 1 _aThailand :
_bUniversiti Songkla, Thailand ,
_c2002
300 _a10 pages ;
_c30 cm
336 _2rdacontent
_atext
337 _2rdamedia
_aunmediated
338 _2rdacarrier
_avolume
650 1 0 _aLiterature - Collection
942 _ddc
_cB
999 _c88429
_d88429